000 00860nam a2200229 a 4500
001 48726
003 BD-RjUL
005 20211209054556.0
008 160816s1970 bg 001 p ben d
035 _a(BD-RjUL)48845
040 _aBD-RjUL
_cBD-RjUL
_dBD-RjUL
_bben
041 _aben
082 0 4 _222
_a891.441
_bCOU 1970
100 1 0 _aচৌধুরী, আবদুস সামাদ
_9147041
245 1 0 _aউত্তর অণ্বেষা /
_cআবদুস সামাদ চৌধুরী
260 _aরাজশাহী :
_bনর্থ বেঙ্গল পাবলিশার্স,
_c১৯৭০
300 _a৯৯ পৃ. ;
_c২০ সেমি.
500 _aপংক্তি সুচী সংযুক্ত
650 0 _aবাংলা কবিতা
_99451
650 0 _aBengali poetry
_9117526
942 _2ddc
_cBK
999 _c48726
_d48726